50 największych miast w województwie wielkopolskim - Statystyki

Ogólne statystyki
  • Ten quiz został rozwiązany 215 razy
  • Średni wynik to 28 z 50
Statystyki odpowiedzi
nr Ludność miasto % Poprawnych
1 540 000 Poznań
99%
2 94 000 Kalisz
94%
3 70 500 Piła
94%
6 64 000 Gniezno
93%
5 67 600 Konin
90%
7 60 500 Leszno
86%
4 69 500 Ostrów Wielkopolski
83%
9 32 000 Września
74%
20 19 600 Koło
72%
12 28 100 Śrem
72%
15 24 700 Turek
72%
13 26 500 Jarocin
71%
8 33 000 Luboń
71%
10 29 500 Swarzędz
71%
14 25 500 Wągrowiec
70%
16 24 400 Środa Wielkopolska
69%
29 13 800 Nowy Tomyśl
67%
24 17 350 Oborniki
67%
17 23 550 Kościan
66%
27 15 200 Grodzisk Wielkopolski
65%
11 28 300 Krotoszyn
65%
19 19 900 Rawicz
65%
25 16 600 Pleszew
60%
18 20 200 Gostyń
59%
21 18 450 Szamotuły
57%
31 13 650 Kępno
56%
22 18 200 Złotów
55%
23 17 850 Chodzież
54%
26 16 500 Trzcianka
53%
33 12 050 Wolsztyn
53%
38 10 000 Czarnków
52%
30 13 700 Ostrzeszów
50%
32 13 050 Słupca
50%
35 10 550 Wronki
48%
37 10 050 Międzychód
47%
28 14 500 Mosina
47%
36 10 300 Murowana Goślina
44%
34 10 900 Rogoźno
39%
44 8 170 Kórnik
38%
39 9 900 Kostrzyn
35%
41 9 350 Opalenica
33%
40 9 860 Pobiedziska
33%
45 8 120 Pniewy
30%
42 9 330 Puszczykowo
30%
48 7 100 Zbąszyń
29%
50 6 000 Krzyż Wielkopolski
26%
43 8 300 Jastrowie
25%
47 7 350 Trzemeszno
22%
49 6 200 Koźmin Wielkopolski
21%
46 7 500 Witkowo
17%
Nie znaleziono quizów pasujących do podanych kryteriów
Rozkład punktacji
Procent ludzi z każdym wynikiem
Percentyl według liczby udzielonych odpowiedzi
Twoja historia wyników
Nie rozwiązałeś tego quizu